01420cam a22003137a 45000010009000000050017000090080041000260200025000670200022000920350023001140350020001370400032001570820022001892450120002112600068003313000035003995000024004345040041004586500035004996500043005346530022005776550024005997000047006239420026006709990017006969520120007139520120008339520153009531467869520140330092255.0061222t2007 xxka frb 001 0 eng d a9780470032558 (hbk.) a0470032553 (hbk.) a(OCoLC)ocm73952876 a(OCoLC)73952876 aUKMcUKMdBAKERdYDXCPdDLC04a621.3824222bULT00aUltra-wideband :bantennas and propagation for communications radar and imaging /cedited by Ben Allen ... [et al.] aChichester, United Kingdom :bJohn Wiley & Sons, Ltd.,cc.2007. axxxi, 475 p. :bill. ;c25 cm. aIndex : p. 471-475. aIncludes bibliographical references. 0aUltra-wideband antennas.98877 0aBroadband communication systems923337 bENGELCcMarch2014 vreading book934232 aAllen, Benq(Benjamin Hugh)98879eeditor. 2ddccBBk621.3824 ULT c12794d12794 00102ddc40708BaccahaMAINbMAINc1STd2009-10-14epurchasel0o621.3824 ULTp000018083r2025-07-15 00:00:00yBB 00102ddc40708BaccahaMAINbMAINc1STd2009-10-14epurchasel0o621.3824 ULTp000018082r2025-07-15 00:00:00yNB 00102ddc40708BaccahaMAINbMAINc1STd2014-03-30epurchaseg930.00l1m21o621.3824 ULTp000035825r2025-07-15 00:00:00s2014-12-22v1162.50yBB